000 00630nam a2200205 u 4500
005 20240228063942.0
008 080625s2005 r 000 0 eng d
020 _a9684941838
035 _aUPN01000157583
049 _aI
050 4 _aPZ71.2
_bP2.5
100 1 _aPaso, Fernando del,
_d1935-
_928598
245 1 0 _aMaricastaña y el ángel /
_cFernando del Paso ; il. Aurora Escobar Cuevas.
260 _aMéxico :
_bCIDCLI,
_c2005.
300 _a[34] p. :
_bprincipalmente il. col.
440 0 _aEnCuento
650 4 _aCuentos infantiles mexicanos
_97723
650 4 _aLibros y lectura para niños
_92290
905 _aInfantil
999 _c129697
_d129697